28 Objets de la vie courante en 1 min #1 - Statistiques

Statistiques générales
  • Ce quiz a été pris 383 fois
  • Le résultat moyen est 12 sur 28
Statistiques - réponses
Par images Réponse % Correct
Pelle
96%
Banane
94%
83%
Pates
80%
Rail
73%
Burger
72%
Bonbons
68%
Bougie
59%
Pions
52%
Écorce
51%
Escalier
51%
Fleur
47%
Roue
47%
Cacahuètes
45%
Bactérie
38%
Oignon
34%
Poisson
33%
Citrouille
30%
Chapeau
18%
Iceberg
17%
Clavier
16%
Abeille
15%
Cathédrale
13%
Miel
13%
Éléphant
11%
Framboise
9%
Lavande
4%
Partition
3%
Aucun quiz correspondant
Distribution des résultats
% des personnes avec chaque résultat
Percentile par nombre de réponses
Votre historique - résultats
Vous n’avez pas pris ce quiz